01559nam a2200337 i 4500001001000000003000900010005001700019007000300036008004100039020001800080040003000098082001400128245018000142250001200322264004000334300004500374336002700419337003300446338002800479500006500507500009200572590002700664700003900691700003500730700004400765942001400809952012700823952012700950952012701077999001701204000047280DO-SdBNP20231017085638.0ta180426s2017 dr a 000 0 spa d a9789945194739 aDO-SdBNPbspacBNPHUerda 4bL566e22200aLengua española 2 :bprimero ciclo, educación primaria /cMaria Isabel Incháustegui ... [et al.] ; dirección editorial, Claudia Llibre; ilustración, Ruddy Núñez. a2a. ed. aSanto Domingo :bSantillana,c2017. a215 páginas :bilustraciones ;c29 cm. 2rdacontentatextobtxt 2rdamediaasin mediaciónbn 2rdacarrieravolumenbnc aActualización según el nuevo diseño curricular oficial ala biblioteca posee solamente Guía didáctica. Recursos didácticos para el docente aInventariado, 2018/MFF1 aIncháutegui, Maria Isabel9749761 aLibre, Claudia,eeditor9304691 aNúñez, Ruddy,eilustraciones923171 2ddccLBS1 00102ddc56708DSaBNPHUbBNPHUcCTd2018-04-26l0oBNPHU DS L566ep47280-30r2020-06-25w2020-06-25yLBS1ZNo se presta 00102ddc51708PDaBNPHUbBNPHUcCTd2018-04-26l0oBNPHU PD L566ep47280-10r2020-06-25w2020-06-25yLBS1ZNo se presta 00102ddc51708PDaBNPHUbBNPHUcCTd2018-04-26l0oBNPHU PD L566ep47280-20r2020-06-25w2020-06-25yLBS1ZNo se presta c46768d46768